MARC

LEADER 00000nam0a2200000 4500
001 25006
005 20231030200536.0
010 |a 5222013537 
035 |a (RuTPU)RU\TPU\book\25241 
035 |a BOOK00025315 
090 |a 25006 
100 |a 20011209d2000 m y0rusy50 ca 
101 0 |a rus 
102 |a RU 
105 |a y j 000zy 
200 1 |a Основы теории современной экономики  |e Двадцать пять лекций: учебное пособие 
210 |a Ростов-на-Дону  |c Феникс  |d 2000 
215 |a 440 с. 
225 1 |a Учебники XXI века 
610 1 |a экономика 
610 1 |a экономическая теория 
610 1 |a микроэкономика 
610 1 |a макроэкономика 
610 1 |a мировая экономика 
610 1 |a смешанная экономика 
610 1 |a конкуренция 
610 1 |a финансы 
610 1 |a доходы 
610 1 |a потребление 
610 1 |a рыночная экономика 
610 1 |a предпринимательство 
610 1 |a Россия 
610 1 |a государственное регулирование 
610 1 |a учебные пособия 
686 |a У011я73  |v LBC/SL-A  |2 rubbk 
801 0 |a RU  |b 63413507  |c 20011209  |g PSBO 
801 2 |a RU  |b 63413507  |c 20180601  |g PSBO 
942 |c BK